<?xml version="1.0" encoding="UTF-8"?>
<record
    xmlns:xsi="http://www.w3.org/2001/XMLSchema-instance"
    xsi:schemaLocation="http://www.loc.gov/MARC21/slim http://www.loc.gov/standards/marcxml/schema/MARC21slim.xsd"
    xmlns="http://www.loc.gov/MARC21/slim">

  <leader>01616nam a22002537a 4500</leader>
  <datafield tag="999" ind1=" " ind2=" ">
    <subfield code="c">21902</subfield>
    <subfield code="d">21902</subfield>
  </datafield>
  <controlfield tag="003">AR-CdUCM</controlfield>
  <controlfield tag="008">190425b           ||||| |||| 00| 0 spa d</controlfield>
  <datafield tag="040" ind1=" " ind2=" ">
    <subfield code="a">MUNICIPALIDAD PROVINCIAL DEL CUSCO</subfield>
    <subfield code="c">BIBLIOTECA MUNICIPAL DEL CUSCO</subfield>
  </datafield>
  <datafield tag="082" ind1=" " ind2=" ">
    <subfield code="a">Rev.MAS ALLA/N&#xB0;1/1922</subfield>
  </datafield>
  <datafield tag="245" ind1=" " ind2=" ">
    <subfield code="a">Revista M&#xE1;s All&#xE1;.... :</subfield>
    <subfield code="b">revista mensual literario cient&#xED;fica /</subfield>
    <subfield code="c">Director G.A. Gonz&#xE1;les Willis</subfield>
  </datafield>
  <datafield tag="260" ind1=" " ind2=" ">
    <subfield code="a">Cusco :</subfield>
    <subfield code="b">[sn],</subfield>
    <subfield code="c">1922.</subfield>
  </datafield>
  <datafield tag="300" ind1=" " ind2=" ">
    <subfield code="a">70 p&#xE1;ginas. :</subfield>
    <subfield code="c">21 cm.</subfield>
  </datafield>
  <datafield tag="440" ind1=" " ind2=" ">
    <subfield code="a">Revista M&#xE1;s All&#xE1;.</subfield>
    <subfield code="n">A&#xF1;o 1, junio de 1922, N&#xFA;mero,1.</subfield>
    <subfield code="9">46754</subfield>
  </datafield>
  <datafield tag="505" ind1=" " ind2=" ">
    <subfield code="a">Contenido: El veneno del sue&#xF1;o. Raquel M. Bocangel. -- Sugerencias de un viaje. -- El radio. Gonzales Willis. -- El esfuerzo y el triunfo. Anibal Estrada. -- La Filosof&#xED;a de Bergson. Sixto Coello Jara -- Investigaci&#xF3;n del Bacilo de Erberth i del Bacilo Coli Comunis en las guas. H. Bert. -- El color de las flores i los frutos precoces. Antonio Lorena. -- Microminerolog&#xED;a. Francisco Sivirichi. -- San Crist&#xF3;bal las parroquias. Jos&#xE9; Uriel Garc&#xED;a. -- Francisco Villaespesa. -- La envidia fragmento tomado de El hombre mediocre de Jos&#xE9; Ingenieros. -- El Sol su pasado y su porvenir el valor del brillo solar. -- El origen del hombre. -- Manuel Gonz&#xE1;les Prada. -- La tristeza del Inca. Jos&#xE9; Santos Chocano. -- Pensamientos. Anatole France.</subfield>
  </datafield>
  <datafield tag="650" ind1=" " ind2=" ">
    <subfield code="a">Literatura cusque&#xF1;a</subfield>
    <subfield code="9">46755</subfield>
  </datafield>
  <datafield tag="650" ind1=" " ind2=" ">
    <subfield code="a">Filosof&#xED;a</subfield>
    <subfield code="9">395</subfield>
  </datafield>
  <datafield tag="650" ind1=" " ind2=" ">
    <subfield code="a">Historia del Cusco</subfield>
    <subfield code="9">1714</subfield>
  </datafield>
  <datafield tag="650" ind1=" " ind2=" ">
    <subfield code="a">Parroquias del Cusco</subfield>
    <subfield code="9">5792</subfield>
  </datafield>
  <datafield tag="700" ind1=" " ind2=" ">
    <subfield code="a">Uriel Garc&#xED;a, Jos&#xE9;</subfield>
    <subfield code="9">4176</subfield>
  </datafield>
  <datafield tag="700" ind1=" " ind2=" ">
    <subfield code="a">Sivirichi, Francisco</subfield>
    <subfield code="9">46756</subfield>
  </datafield>
  <datafield tag="700" ind1=" " ind2=" ">
    <subfield code="a">Coello Jara, Sixto</subfield>
    <subfield code="9">32446</subfield>
  </datafield>
  <datafield tag="942" ind1=" " ind2=" ">
    <subfield code="2">ddc</subfield>
    <subfield code="c">PP</subfield>
  </datafield>
  <datafield tag="945" ind1=" " ind2=" ">
    <subfield code="a">rac</subfield>
  </datafield>
  <datafield tag="952" ind1=" " ind2=" ">
    <subfield code="0">0</subfield>
    <subfield code="2">ddc</subfield>
    <subfield code="4">0</subfield>
    <subfield code="7">0</subfield>
    <subfield code="a">HEM</subfield>
    <subfield code="b">HEM</subfield>
    <subfield code="c">CART</subfield>
    <subfield code="d">2021-10-01</subfield>
    <subfield code="g">10.00</subfield>
    <subfield code="o">Rev.MAS ALLA/N&#xB0;1/1922</subfield>
    <subfield code="p">REVC000647</subfield>
    <subfield code="r">2021-10-01</subfield>
    <subfield code="y">PP</subfield>
  </datafield>
</record>
